Civil rights and race relations in the USA 1850 - 2009 for Pearson edexcel (2nd edition) (Record no. 37505)
[ view plain ]
| 000 -LEADER | |
|---|---|
| fixed length control field | 00681nam a2200169 a 4500 |
| 008 - FIXED-LENGTH DATA ELEMENTS--GENERAL INFORMATION | |
| fixed length control field | 201203s2019 ||||||||||||||||| || u |
| 020 ## - INTERNATIONAL STANDARD BOOK NUMBER | |
| International Standard Book Number | 9781510457874 |
| 050 ## - LIBRARY OF CONGRESS CALL NUMBER | |
| Classification number | E 185.61 San |
| 100 ## - MAIN ENTRY--PERSONAL NAME | |
| Personal name | Sanders, Vivienne |
| 245 10 - TITLE STATEMENT | |
| Title | Civil rights and race relations in the USA 1850 - 2009 for Pearson edexcel (2nd edition) |
| Statement of responsibility, etc. | By Vivienne Sanders |
| 250 ## - EDITION STATEMENT | |
| Edition statement | 2nd edition |
| 260 ## - PUBLICATION, DISTRIBUTION, ETC. | |
| Place of publication, distribution, etc. | London |
| Name of publisher, distributor, etc. | Hodder Education |
| Date of publication, distribution, etc. | 2019 |
| 300 ## - PHYSICAL DESCRIPTION | |
| Extent | vi, 258 pages: illustrations |
| 350 ## - PRICE (NR) (BK AM CF MU VM SE) [OBSOLETE] | |
| Price | 35.29 |
| 650 ## - SUBJECT ADDED ENTRY--TOPICAL TERM | |
| Topical term or geographic name entry element | CIVIL RIGHT--UNITED STATES |
| 995 ## - RECOMMENDATION 995 [LOCAL, UNIMARC FRANCE] | |
| -- | CBU-MAIN LIBRARY (Kitwe) |
| -- | 35.29 |
| -- | 1 |
| -- | AVAILABLE |
| -- | Dec 10, 2020 |
| -- | Main Library Open Access Collection |
| Withdrawn status | Lost status | Source of classification or shelving scheme | Damaged status | Not for loan | Home library | Current library | Shelving location | Date acquired | Total Checkouts | Full call number | Barcode | Date last seen | Price effective from | Koha item type |
|---|---|---|---|---|---|---|---|---|---|---|---|---|---|---|
| CBU-MAIN LIBRARY, KITWE. | CBU-MAIN LIBRARY, KITWE. | 11/30/2022 | E 185.61 San | 750565 | 11/30/2022 | 11/30/2022 | MONOGRAPH |